zpět

Detail výsledku týmu

R.A.M., Jablonec nad Nisou

Datum a čas kvízu

31.5 Celkem bodů Celkový počet nahraných bodů na tomto kvízu bez doplňovacích otázek.
11. Pořadí na kvízu Konečné umístění týmu na tomto kvízu.

Zaznamenané odpovědi

# Otázka Odpověď Body Výsledky
1. Jedinou ženou zvolenou v pátek... Žídková 1
2. Ve středu lehla popelem zbrusu... v Německu 1
3. Minulý týden měla premiéru fil... Výjimečný stav, Jan Hřebejk 0
4. Výrobce obuvi Crocs přišel s o... pro psy 1
5. Který český fotbalový útočník... Jakub Řezníček 1
6. Tentokrát se v gastronomickém... tenderizér 1
7. Napište dvě slova pocházející... sous-vide 1
8. Nyní se podíváme na symboly, k... č. 4 1
9. Napište značku nádobí, kterou... Remoska 1
10. Tento nástroj je používán při... ústřice 0